El poder cambia de manos : premio Nobel

محفوظ في:
التفاصيل البيبلوغرافية
المؤلف الرئيسي: Milosz, Czeslaw
التنسيق: كتاب
اللغة:الإسبانية
منشور في: Orbis. 1984.
الموضوعات:
الوسوم: إضافة وسم
لا توجد وسوم, كن أول من يضع وسما على هذه التسجيلة!

MARC

LEADER 00000nam a22000005a 4500
001 7673
003 CL-ChBUA
005 20120815103032.0
008 070301s1984 ag 000 1 spa
020 |a 8449968682 
040 |a CL-ChBUA  |c CL-ChBUA 
082 0 0 |a 891.7 
090 |c 7673  |d 7673 
100 1 |a Milosz, Czeslaw. 
245 1 0 |a El poder cambia de manos :  |b premio Nobel 
260 |b Orbis.  |c 1984. 
300 |a 236 p.  |c 20 cm. 
504 |a Indice. 
650 4 |a LITERATURA RUSA. 
942 |c LLIT 
952 |0 0  |1 0  |4 0  |7 0  |9 11405  |a UNACH  |b UNACH  |c 800  |d 2007-03-05  |i 21.079.  |l 0  |o 891.7 / M 661.  |p 12404  |r 2013-06-26 00:00:00  |u 11405  |w 2012-08-08  |y LIB  |k 891.7 / M 661. 
999 |c 7673  |d 7673